Visualizzazione normale
Vista MARC
- Iglesia Católica.
di Corporate Name
Records bibliografici associati: 1
001 - CONTROL NUMBER
- control field: 15443
003 - CONTROL NUMBER IDENTIFIER
- control field: IT-RoINE
005 - DATE AND TIME OF LATEST TRANSACTION
- control field: 20160929095606.0
008 - FIXED-LENGTH DATA ELEMENTS
- fixed length control field: 141210|| aca||aabn | a|a d
040 ## - CATALOGING SOURCE
- Original cataloging agency: IT-RoINE
- Transcribing agency: IT-RoINE
110 ## - HEADING--CORPORATE NAME
- Corporate name or jurisdiction name as entry element: Iglesia Católica.
- Subordinate unit: Papa (1978-2005: Juan Pablo II).
- Title of a work: Evangelium vitae
670 ## - SOURCE DATA FOUND
- Source citation: Work cat.: (IT-RoINE)0: Comentario interdisciplinar a la "Evangelium vitae" /, 1996.